000 00346nam a2200133 i 4500
001 bg
245 0 _aHandbuch der Gas-Chromatographie /
_cHerausgegeben von E.Leibnitz, G.H. Struppe.
250 _aWyd.2 popr. i uzup.
260 _aLeipzig,
_c1970.
040 _cBPK
041 _apol
942 _cKS
008 s pl f |000 0 pol
999 _c15428
_d15428
856 _uhttp://koha.tu.koszalin.pl/cgi-bin/koha/opac-detail.pl?biblionumber=15428
_yKatalog online BPK